[Event "Madrid-ch Previa B 2014-2015"]
[Site "Madrid ESP"]
[Date "2015.02.07"]
[Round "3.4"]
[White "Saribekyan, Garnik"]
[Black "Ruiz Sanchez, Roberto"]
[Result "1/2-1/2"]
[WhiteElo "1678"]
[BlackElo "1897"]
[PlyCount "67"]
[EventDate "2015.02.05"]
[EventType "swiss"]
[EventRounds "9"]
[EventCountry "ESP"]
[Source "lmi"]
[SourceDate "2015.02.05"]

1. d4 d5 2. Nf3 Nf6 3. c4 c6 4. Qb3 Qb6 5. Nc3 dxc4 6. Qxc4 Be6 7. Qd3 Qa6 8.
e4 b5 9. d5 cxd5 10. exd5 Bd7 11. Nxb5 Qb7 12. Nc3 g6 13. g3 Bg7 14. Bg2 Na6
15. O-O Nb4 16. Qe2 Nbxd5 17. Nxd5 Nxd5 18. Rd1 O-O 19. Ne5 Be6 20. Nd3 Qb6 21.
Nf4 Nxf4 22. Bxf4 Rac8 23. Be5 Bxe5 24. Qxe5 Rc2 25. Qe1 Rxb2 26. Rab1 Bxa2 27.
Rxb2 Qxb2 28. Qxe7 a6 29. Qc5 Qb5 30. Rc1 Be6 31. Bf1 Qxc5 32. Rxc5 Ra8 33. Ra5
Kf8 34. Rxa6 1/2-1/2

[Event "Madrid-ch Previa B 2014-2015"]
[Site "Madrid ESP"]
[Date "2015.02.07"]
[Round "3.5"]
[White "Yeves Miquel, Enrique"]
[Black "Garcia Serrano, Jose Manuel"]
[Result "1-0"]
[WhiteElo "1715"]
[BlackElo "1773"]
[PlyCount "129"]
[EventDate "2015.02.05"]
[EventType "swiss"]
[EventRounds "9"]
[EventCountry "ESP"]
[Source "lmi"]
[SourceDate "2015.02.05"]

1. d4 d5 2. c4 e6 3. Nc3 Nf6 4. cxd5 exd5 5. Bg5 Nbd7 6. e3 Be7 7. Bd3 O-O 8.
Nge2 c6 9. Qc2 Re8 10. O-O h6 11. Bh4 Ne4 12. Bxe7 Qxe7 13. Rae1 Ndf6 14. f3
Nd6 15. Ng3 h5 16. e4 h4 17. Nh1 Nc4 18. e5 Nh5 19. f4 Qb4 20. Bxc4 Qxc4 21.
Rd1 Bg4 22. Rd2 g6 23. b3 Qb4 24. Qb2 b5 25. g3 Qe7 26. Nf2 Qe6 27. Kg2 hxg3
28. hxg3 a5 29. Ncd1 Bxd1 30. Rfxd1 b4 31. Qc2 a4 32. bxa4 Ra6 33. Rb1 Qe7 34.
Qb3 Rea8 35. Qxb4 Qe6 36. Rdb2 Rxa4 37. Qd2 Ra3 38. Rb8+ Rxb8 39. Rxb8+ Kg7 40.
Rb3 Rxb3 41. axb3 Kh7 42. g4 Ng7 43. Kg3 Qd7 44. Nh3 Ne6 45. f5 gxf5 46. gxf5
Ng7 47. Ng5+ Kg8 48. f6 Nf5+ 49. Kh2 Qa7 50. Qg2 Nh4 51. Qf2 Ng6 52. e6 Qc7+
53. Kh1 Qf4 54. exf7+ Kh8 55. Qh2+ Qxh2+ 56. Kxh2 Nf8 57. Kg3 Ng6 58. Kf2 Nf8
59. Ke3 Ng6 60. Kd3 c5 61. dxc5 d4 62. b4 Nf4+ 63. Kxd4 Ng6 64. c6 Nf8 65. c7
1-0

[Event "Madrid-ch Previa B 2014-2015"]
[Site "Madrid ESP"]
[Date "2015.02.07"]
[Round "3.6"]
[White "Lopez Ziegler, Juan Jose"]
[Black "Fernandez Rodriguez, Fernando"]
[Result "0-1"]
[WhiteElo "1573"]
[BlackElo "1746"]
[PlyCount "49"]
[EventDate "2015.02.05"]
[EventType "swiss"]
[EventRounds "9"]
[EventCountry "ESP"]
[Source "lmi"]
[SourceDate "2015.02.05"]

1. d4 Nf6 2. Nf3 g6 3. Bf4 Bg7 4. e3 d6 5. c4 O-O 6. Be2 c5 7. d5 b5 8. O-O Nh5
9. Nc3 Nxf4 10. exf4 b4 11. Na4 Qa5 12. a3 bxa3 13. Qb3 Bxb2 14. Nxb2 Qc7 15.
Ra2 Na6 16. Nd3 Rb8 17. Qxa3 Rb6 18. Nd2 Bd7 19. Rb1 Rfb8 20. Rxb6 Rxb6 21. h3
Bf5 22. Nc1 Qb7 23. Ncb3 Nb4 24. Na5 Qa6 25. Ra1 0-1

[Event "Madrid-ch Previa B 2014-2015"]
[Site "Madrid ESP"]
[Date "2015.02.07"]
[Round "3.9"]
[White "Estevez Sacristan, Deva"]
[Black "Pashov Spas, Nikolov"]
[Result "1/2-1/2"]
[WhiteElo "1624"]
[BlackElo "1802"]
[PlyCount "125"]
[EventDate "2015.02.05"]
[EventType "swiss"]
[EventRounds "9"]
[EventCountry "ESP"]
[Source "lmi"]
[SourceDate "2015.02.05"]

1. e4 e5 2. Nf3 Nc6 3. d4 exd4 4. Nxd4 Nf6 5. Nxc6 bxc6 6. e5 Nd5 7. c4 Nb6 8.
Bd3 Qh4 9. b3 Bc5 10. Qe2 Bd4 11. Bb2 Bxb2 12. Qxb2 O-O 13. O-O d5 14. exd6
cxd6 15. Nd2 a5 16. Be4 d5 17. cxd5 cxd5 18. Bd3 Ba6 19. Nf3 Qf4 20. Bxa6 Rxa6
21. Qe2 Raa8 22. Qb5 Qb4 23. Qxb4 axb4 24. Nd4 Rfc8 25. Rfd1 g6 26. Rd2 Ra5 27.
h3 Rac5 28. Kh2 Kf8 29. a4 bxa3 30. Rxa3 Ke7 31. Ra7+ R8c7 32. Ra6 Rb7 33. Re2+
Kd7 34. Re5 Rc3 35. Re3 Rxe3 36. fxe3 Kd6 37. Kg3 Ke7 38. Kf4 Kd6 39. b4 f6 40.
g4 Ke7 41. e4 Kf7 42. Nc6 Ke8 43. Ra7 Rxa7 44. Nxa7 Kd7 45. Nb5 Ke6 46. Nd4+
Kd6 47. h4 Nc4 48. b5 Nb6 49. g5 dxe4 50. Kxe4 f5+ 51. Ke3 Kd5 52. Kd3 Nd7 53.
Ke3 Kc4 54. Ne6 Kxb5 55. Ng7 Kc5 56. h5 Kd5 57. Kf4 Nc5 58. Ne8 Ne6+ 59. Kg3
Nxg5 60. Kh4 Nf7 61. Nf6+ Ke5 62. Nxh7 gxh5 63. Kxh5 1/2-1/2

[Event "Madrid-ch Previa B 2014-2015"]
[Site "Madrid ESP"]
[Date "2015.02.13"]
[Round "4.1"]
[White "Aragon Gutierrez, Alejandro"]
[Black "Aguilera Lopez, Alejandro"]
[Result "0-1"]
[WhiteElo "1806"]
[BlackElo "1879"]
[PlyCount "82"]
[EventDate "2015.02.05"]
[EventType "swiss"]
[EventRounds "9"]
[EventCountry "ESP"]
[Source "lmi"]
[SourceDate "2015.02.05"]

1. d4 d5 2. Nf3 Nf6 3. c4 c6 4. Nc3 e6 5. e3 Bd6 6. Qc2 Nbd7 7. Bd2 Qe7 8. Bd3
e5 9. dxe5 Nxe5 10. Nxe5 Qxe5 11. cxd5 Nxd5 12. Nxd5 Qxd5 13. Be4 Qg5 14. Bxc6+
Ke7 15. Bf3 Rb8 16. Rd1 Be6 17. Qa4 a6 18. Bb4 Bxb4+ 19. Qxb4+ Kf6 20. Qd4+ Qe5
21. Qxe5+ Kxe5 22. b3 Rhc8 23. Rd2 Rc1+ 24. Bd1 Rbc8 25. O-O b5 26. Bf3 R1c2
27. Rfd1 a5 28. Rxc2 Rxc2 29. Ra1 Kd6 30. g3 Kc5 31. Bd1 Rb2 32. a4 b4 33. Rc1+
Kd6 34. Bf3 Rxb3 35. Rc6+ Ke7 36. Ra6 Bh3 37. Ra7+ Kf6 38. Ra6+ Kg5 39. Rxa5+
f5 40. Bd1 Rb1 41. Rd5 Bg4 0-1

[Event "Madrid-ch Previa B 2014-2015"]
[Site "Madrid ESP"]
[Date "2015.02.13"]
[Round "4.3"]
[White "Rottenwohrer Suarez, Juan"]
[Black "Fernandez Rodriguez, Fernando"]
[Result "1/2-1/2"]
[WhiteElo "1640"]
[BlackElo "1746"]
[PlyCount "90"]
[EventDate "2015.02.05"]
[EventType "swiss"]
[EventRounds "9"]
[EventCountry "ESP"]
[Source "lmi"]
[SourceDate "2015.02.05"]

1. Nf3 Nf6 2. c4 g6 3. Nc3 Bg7 4. e4 d6 5. d4 O-O 6. Be2 e5 7. O-O Nbd7 8. Be3
Re8 9. d5 Ng4 10. Bg5 Ngf6 11. Nd2 h6 12. Be3 a5 13. a3 Nh7 14. b4 axb4 15.
axb4 Rxa1 16. Qxa1 f5 17. f3 f4 18. Bf2 g5 19. c5 dxc5 20. bxc5 c6 21. Qa4 Qf6
22. Rd1 Bf8 23. Nb3 h5 24. dxc6 bxc6 25. Qc4+ Kh8 26. Na4 Nb8 27. Qc3 g4 28.
Nb6 Be6 29. Nc4 Bxc4 30. Qxc4 Qg6 31. Bh4 Qg7 32. Rd3 Nd7 33. g3 Nhf6 34. Kg2
Be7 35. Qe6 Ra8 36. Rxd7 Nxd7 37. Qxd7 Bxh4 38. Qxg7+ Kxg7 39. gxh4 Ra2 40. Kf1
g3 41. hxg3 fxg3 42. Bc4 Rf2+ 43. Kg1 Rxf3 44. Kg2 Rc3 45. Na5 Kf6 1/2-1/2

[Event "Madrid-ch Previa B 2014-2015"]
[Site "Madrid ESP"]
[Date "2015.02.13"]
[Round "4.4"]
[White "Ruiz Sanchez, Roberto"]
[Black "Castro Uceda, Jose Antonio"]
[Result "1-0"]
[WhiteElo "1897"]
[BlackElo "1604"]
[PlyCount "107"]
[EventDate "2015.02.05"]
[EventType "swiss"]
[EventRounds "9"]
[EventCountry "ESP"]
[Source "lmi"]
[SourceDate "2015.02.05"]

1. e4 c5 2. Nf3 d6 3. d4 cxd4 4. Nxd4 Nf6 5. Nc3 a6 6. Be2 e6 7. O-O Be7 8. f4
Qc7 9. Kh1 O-O 10. a4 Nc6 11. Be3 Bd7 12. Qe1 Nxd4 13. Bxd4 Bc6 14. Qg3 d5 15.
exd5 Bxd5 16. Nxd5 exd5 17. Bd3 g6 18. Be5 Qb6 19. f5 Nd7 20. a5 Qc6 21. Bf4
Rfe8 22. Bg5 Bxg5 23. Qxg5 Kg7 24. Qh4 Qf6 25. Qb4 Qc6 26. Rf3 f6 27. fxg6 hxg6
28. Re1 Rxe1+ 29. Qxe1 Ne5 30. Rf4 Re8 31. Qf1 Re6 32. c4 dxc4 33. Be4 Qc7 34.
h3 b5 35. axb6 Qxb6 36. Bd5 Rd6 37. Bxc4 Qxb2 38. Rf2 Qb6 39. Ba2 Nd3 40. Re2
Qd4 41. Re7+ Kh6 42. Bg8 Nf2+ 43. Kh2 Qf4+ 44. Kg1 Nxh3+ 45. gxh3 Qg3+ 46. Kh1
Rd2 47. Re2 Rd4 48. Qc1+ g5 49. Qf1 Rf4 50. Qg2 Qa3 51. Ra2 Qc1+ 52. Kh2 Qc8
53. Bd5 Kh5 54. Qc2 1-0

[Event "Madrid-ch Previa B 2014-2015"]
[Site "Madrid ESP"]
[Date "2015.02.13"]
[Round "4.6"]
[White "Barragan Panal, Juan Jose"]
[Black "Cuellar Gutierrez, Raul"]
[Result "1-0"]
[WhiteElo "1643"]
[BlackElo "1781"]
[PlyCount "94"]
[EventDate "2015.02.05"]
[EventType "swiss"]
[EventRounds "9"]
[EventCountry "ESP"]
[Source "lmi"]
[SourceDate "2015.02.05"]

1. d4 e6 2. c4 Nf6 3. g3 d5 4. Bg2 Nc6 5. c5 Be7 6. Nf3 O-O 7. O-O b6 8. cxb6
axb6 9. Nc3 Ba6 10. Re1 Re8 11. Bf4 Nh5 12. Qc1 Nxf4 13. gxf4 Bf6 14. Nxd5 Nxd4
15. Nxf6+ Qxf6 16. Nxd4 Qxd4 17. Bxa8 Rxa8 18. Qxc7 h6 19. Qe5 Qd8 20. Rec1 Bb7
21. Rc7 Ra5 22. Qc3 Ba6 23. Rc1 Qh4 24. Qg3 Qf6 25. Qc3 Qxf4 26. Qf3 Qg5+ 27.
Qg2 Qf6 28. Qa8+ Kh7 29. Qe4+ g6 30. Qf3 Rf5 31. Qe3 Qh4 32. h3 Kg7 33. R1c3
Qf6 34. Rc2 Re5 35. Qf3 Rf5 36. Qe3 Kh7 37. Kf1 Re5 38. Qc3 Qf5 39. Qg3 Kg7 40.
Qc3 Kh7 41. Rxf7+ Qxf7 42. Qxe5 Kg8 43. Rc7 Qf8 44. Qxe6+ Kh8 45. Rf7 Qd8 46.
Qf6+ Qxf6 47. Rxf6 Kg7 1-0

[Event "Madrid-ch Previa B 2014-2015"]
[Site "Madrid ESP"]
[Date "2015.02.13"]
[Round "4.7"]
[White "Enfedaque Jimenez, Juan Carlos"]
[Black "Barragan Arriaza, Pablo"]
[Result "1/2-1/2"]
[WhiteElo "1758"]
[BlackElo "1585"]
[PlyCount "119"]
[EventDate "2015.02.05"]
[EventType "swiss"]
[EventRounds "9"]
[EventCountry "ESP"]
[Source "lmi"]
[SourceDate "2015.02.05"]

1. e4 e5 2. Nf3 Nc6 3. Bb5 a6 4. Ba4 d6 5. O-O Bg4 6. c3 b5 7. Bc2 Qf6 8. d3
Bxf3 9. Qxf3 Qxf3 10. gxf3 g6 11. Be3 Bg7 12. Nd2 Nge7 13. Rfe1 O-O 14. f4 f5
15. exf5 Nxf5 16. fxe5 Nxe3 17. fxe3 Nxe5 18. d4 Ng4 19. h3 Nf6 20. a4 Bh6 21.
Ne4 Rae8 22. Nxf6+ Rxf6 23. e4 Rf3 24. Kg2 Ref8 25. Re2 Be3 26. Bb3+ Kg7 27.
Rae1 Bxd4 28. cxd4 Rxb3 29. axb5 Rxb5 30. Rc1 c5 31. dxc5 Rxc5 32. Rd1 Rf6 33.
Red2 Rc6 34. Rd5 Kf7 35. R1d2 Ke7 36. e5 Re6 37. exd6+ Rcxd6 38. Rxd6 Rxd6 39.
Rc2 Kd7 40. Kf3 Rd3+ 41. Kg4 h6 42. Kh4 Ke6 43. Rc6+ Rd6 44. Rc2 Kf6 45. Kg3 g5
46. Rc4 Kg6 47. h4 Kh5 48. hxg5 hxg5 49. Ra4 Rb6 50. Ra3 Rxb2 51. Rxa6 Rb3+ 52.
Kg2 Kh4 53. Ra1 Rb2+ 54. Kg1 g4 55. Kh1 Kh3 56. Ra3+ g3 57. Ra1 Rf2 58. Rb1 Kg4
59. Kg1 Kh3 60. Kh1 1/2-1/2

[Event "Madrid-ch Previa B 2014-2015"]
[Site "Madrid ESP"]
[Date "2015.02.13"]
[Round "4.8"]
[White "Garcia Serrano, Jose M"]
[Black "Fernandez Estremera, Fernando"]
[Result "1/2-1/2"]
[WhiteElo "1773"]
[BlackElo "1432"]
[PlyCount "80"]
[EventDate "2015.02.05"]
[EventType "swiss"]
[EventRounds "9"]
[EventCountry "ESP"]
[Source "lmi"]
[SourceDate "2015.02.05"]

1. e4 c5 2. Nf3 e6 3. d4 cxd4 4. Nxd4 a6 5. Be2 Qc7 6. O-O Nf6 7. f3 Bc5 8. c3
e5 9. Be3 exd4 10. cxd4 Be7 11. Nc3 d6 12. Rc1 Qd8 13. Qa4+ Bd7 14. Qb3 b5 15.
e5 Ng8 16. f4 Nh6 17. f5 O-O 18. f6 Nf5 19. fxe7 Qxe7 20. Nd5 Qd8 21. exd6 Be6
22. Rxf5 Bxf5 23. Ne7+ Kh8 24. Nxf5 Ra7 25. Bf4 Qf6 26. Bg4 Kg8 27. Be5 Qg5 28.
Ne3 a5 29. Rc7 Ra8 30. Be6 Qg6 31. Bf5 Qg5 32. d7 Na6 33. Rb7 a4 34. Qd3 h6 35.
g3 Qd8 36. Qe4 b4 37. h4 Qa5 38. Qg4 f6 39. Bd6 b3 40. Be6+ Kh8 1/2-1/2

[Event "Madrid-ch Previa B 2014-2015"]
[Site "Madrid ESP"]
[Date "2015.02.13"]
[Round "4.9"]
[White "Pashov, Spas Nikolov"]
[Black "Reyes Penas, Sebastian"]
[Result "1-0"]
[WhiteElo "1802"]
[BlackElo "1586"]
[PlyCount "65"]
[EventDate "2015.02.05"]
[EventType "swiss"]
[EventRounds "9"]
[EventCountry "ESP"]
[Source "lmi"]
[SourceDate "2015.02.05"]

1. e4 c5 2. Nc3 e6 3. g3 Nc6 4. Bg2 g6 5. d3 Bg7 6. Be3 d6 7. Qd2 Nd4 8. Nce2
Ne7 9. c3 Ndc6 10. Nf3 O-O 11. O-O f5 12. Bh6 fxe4 13. dxe4 d5 14. Bxg7 Kxg7
15. Ng5 h6 16. Nh3 Ne5 17. Rfd1 g5 18. f4 Nc4 19. Qc1 e5 20. b3 Bg4 21. bxc4
Bxe2 22. Re1 Bxc4 23. fxg5 hxg5 24. exd5 Nxd5 25. Rxe5 Rf6 26. Bxd5 Bxd5 27.
Re7+ Bf7 28. Qxg5+ Rg6 29. Qe5+ Kf8 30. Re1 Rc8 31. Ng5 c4 32. Qh8+ Rg8 33.
Nh7# 1-0

[Event "Madrid-ch Previa B 2014-2015"]
[Site "Madrid ESP"]
[Date "2015.02.14"]
[Round "5.1"]
[White "Aguilera Lopez, Alejandro"]
[Black "Diaz Sanchez, Roberto"]
[Result "1/2-1/2"]
[WhiteElo "1879"]
[BlackElo "1897"]
[PlyCount "42"]
[EventDate "2015.02.05"]
[EventType "swiss"]
[EventRounds "9"]
[EventCountry "ESP"]
[Source "lmi"]
[SourceDate "2015.02.05"]

1. d4 d5 2. Nf3 Nf6 3. e3 c5 4. c3 e6 5. Bd3 Nc6 6. O-O Be7 7. Nbd2 Qc7 8. dxc5
Bxc5 9. e4 O-O 10. exd5 exd5 11. Qc2 Bg4 12. Nd4 Bxd4 13. cxd4 Qb6 14. Nb3 Nxd4
15. Nxd4 Qxd4 16. Be3 Qe5 17. Rfe1 d4 18. Bd2 Qd5 19. f3 Bd7 20. Bb4 Rfe8 21.
Be7 Qa5 1/2-1/2

[Event "Madrid-ch Previa B 2014-2015"]
[Site "Madrid ESP"]
[Date "2015.02.14"]
[Round "5.2"]
[White "Marcos Herrero, Francisco"]
[Black "Saribekyan, Garnik"]
[Result "1/2-1/2"]
[WhiteElo "1921"]
[BlackElo "1678"]
[PlyCount "101"]
[EventDate "2015.02.05"]
[EventType "swiss"]
[EventRounds "9"]
[EventCountry "ESP"]
[Source "lmi"]
[SourceDate "2015.02.05"]

1. Nf3 c5 2. c4 Nf6 3. Nc3 Nc6 4. g3 g6 5. Bg2 Bg7 6. O-O O-O 7. d4 cxd4 8.
Nxd4 a6 9. Rb1 Nxd4 10. Qxd4 d6 11. Qd3 Qc7 12. Bg5 Be6 13. Nd5 Bxd5 14. cxd5
Qa5 15. e4 Rac8 16. a3 Rc7 17. Rfc1 Rfc8 18. b4 Rxc1+ 19. Rxc1 Rxc1+ 20. Bxc1
Qc7 21. Bb2 Nd7 22. Bxg7 Kxg7 23. f4 Qc1+ 24. Bf1 Kf8 25. Kf2 h5 26. Qe3 Qb2+
27. Be2 Nf6 28. h3 Qb1 29. Qd3 Qh1 30. Bf3 Qxh3 31. Qc3 Qh2+ 32. Ke3 Qxg3 33.
Qc8+ Kg7 34. Qc3 h4 35. Qa1 h3 36. e5 dxe5 37. fxe5 Ng4+ 38. Ke4 Nf2+ 39. Ke3
h2 40. Ke2 Qg1 41. Qd4 h1=Q 42. Bxh1 Qxh1 43. Kxf2 Qh2+ 44. Kf1 Qh3+ 45. Kf2
Qf5+ 46. Kg2 f6 47. e6 Qc2+ 48. Kf3 Qc7 49. Qc5 Qd6 50. Qxd6 exd6 51. a4
1/2-1/2

[Event "Madrid-ch Previa B 2014-2015"]
[Site "Madrid ESP"]
[Date "2015.02.14"]
[Round "5.3"]
[White "Barragan Panal, Juan Jose"]
[Black "Fernandez Rodriguez, Fernando"]
[Result "1-0"]
[WhiteElo "1746"]
[BlackElo "1643"]
[PlyCount "67"]
[EventDate "2015.02.05"]
[EventType "swiss"]
[EventRounds "9"]
[EventCountry "ESP"]
[Source "lmi"]
[SourceDate "2015.02.05"]

1. d4 Nf6 2. c4 e6 3. Nc3 Bb4 4. e3 b6 5. Nge2 Ba6 6. a3 Bxc3+ 7. Nxc3 d5 8. b3
O-O 9. Bd3 c5 10. O-O Bb7 11. Bb2 cxd4 12. exd4 Nc6 13. cxd5 Nxd5 14. Ne4 Nf4
15. Bc2 f5 16. Ng3 Qd5 17. f3 Rad8 18. Qd2 g5 19. Rad1 Na5 20. Qe3 Rc8 21. Rd2
Rc7 22. Bd1 Rg7 23. Re1 h5 24. Ne2 Nxe2+ 25. Rdxe2 Rf6 26. Qe5 Rgg6 27. Qb8+
Rf8 28. Qc7 Rf7 29. Qc3 Nc6 30. b4 a6 31. Bb3 Qd6 32. d5 e5 33. dxc6 Bxc6 34.
Rxe5 1-0

[Event "Madrid-ch Previa B 2014-2015"]
[Site "Madrid ESP"]
[Date "2015.02.14"]
[Round "5.4"]
[White "Yeves Miquel, Enrique"]
[Black "Rottenwoehrer Suarez, Juan"]
[Result "0-1"]
[WhiteElo "1715"]
[BlackElo "1640"]
[PlyCount "96"]
[EventDate "2015.02.05"]
[EventType "swiss"]
[EventRounds "9"]
[EventCountry "ESP"]
[Source "lmi"]
[SourceDate "2015.02.05"]

1. d4 Nf6 2. c4 g6 3. Nc3 Bg7 4. e4 d6 5. h3 O-O 6. Bg5 c5 7. d5 Nbd7 8. Nf3 a6
9. a4 Qb6 10. Qd2 e6 11. Bd3 exd5 12. exd5 Re8+ 13. Be3 Ne5 14. Nxe5 dxe5 15.
O-O Qd6 16. Qc2 Nd7 17. Rfe1 f5 18. f3 Nf6 19. Bf2 Bd7 20. Qd2 Rac8 21. Bc2 Nh5
22. Rad1 Nf4 23. b3 Bh6 24. Be3 e4 25. fxe4 Nxh3+ 26. gxh3 Qg3+ 27. Kh1 f4 28.
Qg2 Qxg2+ 29. Kxg2 fxe3 30. Ne2 Re5 31. Rf1 Rh5 32. Rf3 Rg5+ 33. Kh2 Bf8 34.
Bd3 Bd6+ 35. Kh1 Rh5 36. Ng1 Bg4 37. Rdf1 Bxf3+ 38. Rxf3 Rf8 39. Rxf8+ Kxf8 40.
Kg2 Rg5+ 41. Kf1 Rg3 42. Be2 h5 43. Nf3 Bf4 44. e5 Rxh3 45. d6 Ke8 46. Bd1 Kd7
47. Ke2 Rg3 48. Kd3 Ke6 0-1

[Event "Madrid-ch Previa B 2014-2015"]
[Site "Madrid ESP"]
[Date "2015.02.14"]
[Round "5.5"]
[White "De Dompablo Fantova, Juan"]
[Black "Aragon Gutierrez, Alejandro"]
[Result "0-1"]
[WhiteElo "1722"]
[BlackElo "1806"]
[PlyCount "110"]
[EventDate "2015.02.05"]
[EventType "swiss"]
[EventRounds "9"]
[EventCountry "ESP"]
[Source "lmi"]
[SourceDate "2015.02.05"]

1. e4 e6 2. d4 d5 3. exd5 exd5 4. Bd3 Bd6 5. Nf3 Nc6 6. c3 Nge7 7. O-O Bg4 8.
Bg5 f6 9. Bh4 Qd7 10. Re1 O-O-O 11. Nbd2 h5 12. Bg3 Bxg3 13. fxg3 h4 14. Nf1
hxg3 15. Nxg3 Qd6 16. Qc2 Kb8 17. b4 Rde8 18. a4 Bxf3 19. gxf3 Nd8 20. Qf2 Ne6
21. Re3 Nf4 22. Kf1 Qd7 23. Ra2 Qh3+ 24. Kg1 Qd7 25. Kf1 Nxd3 26. Rxd3 Ng6 27.
Re3 Nf4 28. b5 b6 29. Rxe8+ Rxe8 30. Ra1 Qh3+ 31. Kg1 Qh7 32. Qd2 g5 33. Re1
Qd7 34. Rxe8+ Qxe8 35. Kf1 c6 36. Qe1 Qd7 37. Kg1 cxb5 38. axb5 Qxb5 39. Nf5
Qe2 40. Qxe2 Nxe2+ 41. Kf2 Nxc3 42. Ke3 Kc7 43. Kd3 Nb5 44. Ne3 Kd6 45. Ng2 Ke6
46. Ne3 Nd6 47. Nc2 a5 48. Kc3 Nf5 49. Kb3 Nh4 50. Ne1 b5 51. h3 Kf5 52. Nd3
Nxf3 53. Kc3 Ng1 54. Nc5 Nxh3 55. Nb7 g4 0-1

[Event "Madrid-ch Previa B 2014-2015"]
[Site "Madrid ESP"]
[Date "2015.02.14"]
[Round "5.6"]
[White "Barragan Arriaza, Pablo"]
[Black "Pashov Spas, Nikolov"]
[Result "1/2-1/2"]
[WhiteElo "1585"]
[BlackElo "1802"]
[PlyCount "70"]
[EventDate "2015.02.05"]
[EventType "swiss"]
[EventRounds "9"]
[EventCountry "ESP"]
[Source "lmi"]
[SourceDate "2015.02.05"]

1. c4 Nf6 2. g3 c6 3. Bg2 d5 4. cxd5 cxd5 5. Nf3 e6 6. O-O Be7 7. d4 O-O 8. Nc3
Nc6 9. Bf4 a6 10. Rc1 Bd7 11. Na4 Nh5 12. Bd2 b6 13. Qb3 Rb8 14. g4 Na5 15. Qd1
Bxa4 16. Qxa4 Nf6 17. Ne5 Nc4 18. Nxc4 b5 19. Qc2 bxc4 20. h3 Qb6 21. Rb1 Qxd4
22. Rfd1 Qb6 23. e4 Rfd8 24. Bf4 Rbc8 25. g5 Nh5 26. Bh2 d4 27. Bf3 g6 28. Bxh5
gxh5 29. Qe2 Rc5 30. e5 Bxg5 31. Qxh5 Kh8 32. Bg3 Bf6 33. Qxf7 Bg7 34. Rxd4 Rf8
35. Qh5 c3 1/2-1/2

[Event "Madrid-ch Previa B 2014-2015"]
[Site "Madrid ESP"]
[Date "2015.02.14"]
[Round "5.7"]
[White "Fernandez Estremera, Fernando"]
[Black "Enfedaque Jimenez, Juan Carlos"]
[Result "0-1"]
[WhiteElo "1432"]
[BlackElo "1758"]
[PlyCount "46"]
[EventDate "2015.02.05"]
[EventType "swiss"]
[EventRounds "9"]
[EventCountry "ESP"]
[Source "lmi"]
[SourceDate "2015.02.05"]

1. d4 d5 2. c4 e5 3. dxe5 d4 4. a3 Nc6 5. Nf3 Nge7 6. Nbd2 Bg4 7. h3 Bxf3 8.
Nxf3 Ng6 9. b3 Qd7 10. Bb2 O-O-O 11. Qd2 Ngxe5 12. Nxe5 Nxe5 13. Rd1 c5 14. e3
Nc6 15. Be2 h5 16. Bf3 Be7 17. Rb1 Qf5 18. e4 Qe5 19. Bc1 g5 20. g4 Qf6 21. Bd1
Ne5 22. f4 gxf4 23. Qxf4 Nd3+ 0-1

[Event "Madrid-ch Previa B 2014-2015"]
[Site "Madrid ESP"]
[Date "2015.02.14"]
[Round "5.8"]
[White "Cuellar Gutierrez, Raul"]
[Black "Estevez Sacristan, Deva"]
[Result "0-1"]
[WhiteElo "1781"]
[BlackElo "1624"]
[PlyCount "74"]
[EventDate "2015.02.05"]
[EventType "swiss"]
[EventRounds "9"]
[EventCountry "ESP"]
[Source "lmi"]
[SourceDate "2015.02.05"]

1. c4 e6 2. Nc3 d5 3. e3 b6 4. Nf3 Nf6 5. cxd5 exd5 6. d4 Bb7 7. Bb5+ c6 8. Bd3
Be7 9. O-O O-O 10. Qc2 Nbd7 11. e4 dxe4 12. Nxe4 Nxe4 13. Bxe4 Nf6 14. Be3 Nxe4
15. Qxe4 Re8 16. Qc2 Rc8 17. Rfd1 Qd5 18. a3 Qh5 19. Qa4 c5 20. dxc5 Bxf3 21.
gxf3 Qxf3 22. cxb6 axb6 23. Rd4 Bc5 24. Rf4 Qh5 25. Bxc5 Qxc5 26. Qd1 Re6 27.
Rg4 Rf6 28. Qd2 Qf5 29. Rg3 h6 30. Rf1 Rg6 31. b4 Rc4 32. a4 Rcg4 33. Rc1 Rf6
34. a5 bxa5 35. bxa5 h5 36. Ra1 h4 37. Rxg4 Qxg4+ 0-1

[Event "Madrid-ch Previa B 2014-2015"]
[Site "Madrid ESP"]
[Date "2015.02.14"]
[Round "5.10"]
[White "Castro Uceda, Jose Antonio"]
[Black "Garcia Serrano, Jose Manuel"]
[Result "0-1"]
[WhiteElo "1604"]
[BlackElo "1773"]
[PlyCount "69"]
[EventDate "2015.02.05"]
[EventType "swiss"]
[EventRounds "9"]
[EventCountry "ESP"]
[Source "lmi"]
[SourceDate "2015.02.05"]

1. d4 d5 2. c4 Nc6 3. e3 e5 4. dxe5 d4 5. Nf3 Bb4+ 6. Bd2 dxe3 7. fxe3 Bg4 8.
Be2 Bxf3 9. Bxf3 Qh4+ 10. g3 Qxc4 11. Bxc6+ Qxc6 12. Rf1 Bxd2+ 13. Nxd2 Nh6 14.
Rc1 Qd7 15. Rf4 O-O 16. g4 Rad8 17. Rd4 Qe7 18. Nf3 Nxg4 19. Qb3 Nxe5 20. Nxe5
Qxe5 21. Rh4 Qg5 22. Rf4 Qg1+ 23. Rf1 Qxh2 24. Rc2 Qg3+ 25. Ke2 b6 26. Rc4 Qg2+
27. Rf2 Rd2+ 28. Kxd2 Qxf2+ 29. Kc1 Qe1+ 30. Kc2 Rd8 31. Rd4 Rxd4 32. exd4 Qe4+
33. Kc3 Qe3+ 34. Kc4 Qxb3+ 35. Kxb3 0-1

[Event "Madrid-ch Previa B 2014-2015"]
[Site "Madrid ESP"]
[Date "2015.02.20"]
[Round "6.1"]
[White "Rottenwohrer Suarez, Juan"]
[Black "Aguilera Lopez, Alejandro"]
[Result "0-1"]
[WhiteElo "1640"]
[BlackElo "1879"]
[PlyCount "92"]
[EventDate "2015.02.05"]
[EventType "swiss"]
[EventRounds "9"]
[EventCountry "ESP"]
[Source "lmi"]
[SourceDate "2015.02.05"]

1. d4 d5 2. c4 c6 3. Nf3 Nf6 4. Nc3 e6 5. Bg5 Nbd7 6. e3 Be7 7. Bd3 O-O 8. O-O
dxc4 9. Bxc4 b5 10. Bd3 Bb7 11. Rc1 h6 12. Bf4 a6 13. e4 c5 14. e5 Nd5 15. Nxd5
Bxd5 16. b3 cxd4 17. Nxd4 Bg5 18. Qg4 Bxf4 19. Qxf4 Qg5 20. Qxg5 hxg5 21. Rce1
Nc5 22. Bb1 Rfd8 23. Re3 Bxg2 24. Kxg2 Rxd4 25. Rc1 Nd7 26. Rc6 g6 27. Be4 Rd8
28. Bf3 a5 29. Rd6 Rxd6 30. exd6 b4 31. Be2 Kg7 32. Re4 Nf6 33. Rd4 Nd5 34. Rc4
Rxd6 35. Rc5 Nf4+ 36. Kf3 Nxe2 37. Kxe2 Rd5 38. Rxd5 exd5 39. Kd3 Kf6 40. Kd4
Ke6 41. Kc5 Ke5 42. f3 g4 43. fxg4 d4 44. Kc4 Ke4 45. h4 d3 46. h5 gxh5 0-1

[Event "Madrid-ch Previa B 2014-2015"]
[Site "Madrid ESP"]
[Date "2015.02.20"]
[Round "6.2"]
[White "Enfedaque Jimenez, Juan Carlos"]
[Black "Fernandez Rodriguez, Fernando"]
[Result "1/2-1/2"]
[WhiteElo "1758"]
[BlackElo "1746"]
[PlyCount "52"]
[EventDate "2015.02.05"]
[EventType "swiss"]
[EventRounds "9"]
[EventCountry "ESP"]
[Source "lmi"]
[SourceDate "2015.02.05"]

1. e4 e6 2. d4 d5 3. e5 c5 4. c3 Nc6 5. Nf3 Qb6 6. a3 Nh6 7. Bd3 cxd4 8. cxd4
Nf5 9. Bxf5 exf5 10. Nc3 Be6 11. O-O h6 12. b4 Be7 13. Bb2 O-O 14. Na4 Qd8 15.
Rc1 Rc8 16. Nc5 b6 17. Nd3 Qd7 18. Qe2 g5 19. Nd2 Rfe8 20. Qh5 Kh7 21. f4 g4
22. h3 Rg8 23. hxg4 Rxg4 24. Nf3 Rcg8 25. Rf2 Nb8 26. Rfc2 Bd8 1/2-1/2

[Event "Madrid-ch Previa B 2014-2015"]
[Site "Madrid ESP"]
[Date "2015.02.20"]
[Round "6.3"]
[White "Estevez Sacristan, Deva"]
[Black "Marcos Herrero, Francisco"]
[Result "1/2-1/2"]
[WhiteElo "1624"]
[BlackElo "1921"]
[PlyCount "54"]
[EventDate "2015.02.05"]
[EventType "swiss"]
[EventRounds "9"]
[EventCountry "ESP"]
[Source "lmi"]
[SourceDate "2015.02.05"]

1. e4 c5 2. Nf3 d6 3. d4 Nf6 4. Nc3 cxd4 5. Nxd4 g6 6. Be2 Bg7 7. O-O O-O 8.
Bg5 Nc6 9. Nb3 Be6 10. Kh1 d5 11. Bxf6 Bxf6 12. exd5 Bxc3 13. dxe6 Bxb2 14.
exf7+ Kxf7 15. Bc4+ Kg7 16. Nc5 Qxd1 17. Raxd1 Rfc8 18. Nxb7 Nb4 19. Bb3 Nxc2
20. Rd2 Rab8 21. Rxc2 Rxc2 22. Bxc2 Rxb7 23. Rb1 Rb6 24. Re1 Kf6 25. Re3 Rc6
26. Re2 e5 27. g3 Bd4 1/2-1/2